000 01236nac a22004217a 4500
001 BR0100987
003 BR-BrBNA
005 20240105122524.0
008 230509b bl.|||m| |||| 00| 0 por d
040 _aBR-BrBNA
_bpor
_cBiblioteca Nacional de Agricultura
072 _aE16; E70
090 _a0180 BR0100987
100 1 _aBruns, C. de
100 1 _aDigiovani, M.S.C.
100 1 _aBrunetta, D.
100 1 _aRiede, C.R.
100 1 _aAraldi, A.
100 1 _aHubner, O.
110 1 _aInstituto Agronomico do Parana, Londrina, PR (Brasil)
_95598
245 1 _aCadeia produtiva do trigo: diagnostico e demandas atuais no Parana
260 3 _aLondrina, PR (Brasil):
_c1999.
300 _a158 p.
490 _aDocumento - Instituto Agronomico do Parana (Brazil)
_vno. 21
_x
500 _aBibliography 153-157; 61 tables
650 _aTrigo
650 _aAgribusiness
650 _aEstatistica de Producao
650 _aSemente
650 _aArmazenamento
650 _aComercializacao
650 _aCusto de Producao
650 _aQualidade
650 _aPesquisa
650 _aDifusao de Tecnologia
650 _aParana
909 _a202312
_bLúcia Elande
_c55
_dLúcia Elande
942 _2AGRIS
_n0
_cMS
999 _c291461
_d291461